书目信息 |
| 题名: |
工程制图习题集
|
|
| 作者: | 惠学芹 , 陈西府 , 叶霞 主编 | |
| 分册: | ||
| 出版信息: | 北京 高等教育出版社 2017 |
|
| 页数: | 79页 | |
| 开本: | 19×26cm | |
| 丛书名: | ||
| 单 册: | ||
| 中图分类: | TB23-44 | |
| 科图分类: | ||
| 主题词: | 工程制图--高等学校--习题集 | |
| 电子资源: | ||
| ISBN: | 978-7-04-048384-0 | |
| 000 | 00880nam0 2200265 450 | |
| 001 | 0104308179 | |
| 005 | 20171201101422.0 | |
| 010 | @a978-7-04-048384-0@dCNY20.00 | |
| 100 | @a20170922d2017 em y0chiy0120 ea | |
| 101 | 0 | @achi |
| 102 | @aCN@b110000 | |
| 105 | @ay q 000yy | |
| 106 | @ar | |
| 200 | 1 | @a工程制图习题集@9Gong Cheng Zhi Tu Xi Ti Ji @f惠学芹,陈西府,叶霞主编@b专著 |
| 210 | @a北京@c高等教育出版社@d2017 | |
| 215 | @a79页@d19×26cm | |
| 300 | @a高等学校教材 | |
| 330 | @a本书内容包括制图的基本知识和技能、正投影法基础、立体的投影、组合体、机件的图样画法、零件图等。 | |
| 606 | 0 | @a工程制图@x高等学校@j习题集 |
| 690 | @aTB23-44@v5 | |
| 701 | 0 | @a惠学芹@c(女,@f1964~)@4主编@9hui xue qin |
| 701 | 0 | @a陈西府@f(1979~)@4主编@9chen xi fu |
| 701 | 0 | @a叶霞@c(女,@f1973~)@4主编@9ye xia |
| 801 | 0 | @aCN@bAZmarc@c20230904 |
| 905 | @aBZT@dTB23@e24@f1@sTB23/24 | |
| 工程制图习题集/惠学芹,陈西府,叶霞主编.-北京:高等教育出版社,2017 |
| 79页;19×26cm |
| 高等学校教材 |
| ISBN 978-7-04-048384-0:CNY20.00 |
| 本书内容包括制图的基本知识和技能、正投影法基础、立体的投影、组合体、机件的图样画法、零件图等。 |
| ● |
| 相关链接 |
|
|
|
正题名:工程制图习题集
索取号:TB23/24
 
预约/预借
| 序号 | 登录号 | 条形码 | 馆藏地/架位号 | 状态 | 备注 |
| 1 | 2000004183 | 2000004183 | 旧书回溯/ [索取号:TB23/24] | 在馆 |